000 01646nam0a2200397 i 4500
001 RU\NLR\bibl\2072938
005 20241114232640.0
010 _a9785891544857
_9100
021 _aRU
_b2013-63862
_94375
035 _a(nilc)RuMoRGB-006628947
035 _a(NLR Aleph) 002071179
090 _a4757147
_c4757147
100 _a20130812d2013 k y0rusy50 ca
101 0 _arus
102 _aRU
105 _aa zzzz|||||
200 1 _aСуицидальное поведение у аддиктов и их родственников
_eмонография
_fР.В. Бисалиев, С.А. Вешнева
_gАстрах. гос. техн. ун-т
210 _aАстрахань
_cИзд-во АГТУ
_d2013
215 _a275 с.
_cил., табл.
_d20
320 _aБиблиогр.: с. 258-271 (251 назв. )
606 _aСамоубийства
_xПсихосоциальные исследования
_92027912
_3RU\NLR\AUTH\66933866
606 _aАддиктивное поведение
_xПсихокоррекция
_92630997
_3RU\NLR\AUTH\661567557
686 1 _aС550.8
686 1 _aЮ936.2-81
686 1 _aЮ948.5
686 1 _aЮ949.2
700 1 _4070
_aБисалиев
_bР. В.
_gРафаэль Валерьевич
_9139129
_3RU\NLR\AUTH\770139164
701 1 _aВешнева
_bС. А.
_gСветлана Александровна
_4070
801 0 _aRU
_bRuMoRKP
_c20130812
_gRCR
801 2 _aRU
_bРГБ
_c20130827
_grcr
801 1 _aRU
_bRuMoRKP
_c20130812
_2rusmarc
801 2 _aRU
_bNLR
_c20130917
_grcr
942 _cBOOK
980 _aNBR